Statystyki dla 5 Najmniejszych państw na świecie

Kliknij tutaj aby rozwiązać quiz!

Ogólne statystyki

  • Ten quiz został rozwiązany 77 razy
  • Średni wynik to 4 z 5

Statystyki odpowiedzi

HintOdpowiedź% Poprawnych
1Watykan
100%
3San marino
85%
2Monako
70%
6Andora
65%
4Malta
42%

Rozkład punktacji

Percentyl według liczby udzielonych odpowiedzi

Procent ludzi z każdym wynikiem

Twoja historia wyników

Nie rozwiązałeś tego quizu